00339nam a2200121Ia 4500008004100000040001700041041001200058082001600070100002300086245006100109260003200170300001500202230917s9999||||xx |||||||||||||| ||und|| e182674aMAIN aEnglish a822.33 S15H aFoster, Brett, ed. 0aHarold Bloom's Shakespeare through the ages: The sonnets aNew DelhibViva Booksc2010 axi, 388 p.